|
|
แสดงรายละเอียดบรรณานุกรม |
|
|
Brief Record
: Get Marc (ISO 2709)
: E-mail record
: |
|
|
| LEADER 00000nam 2200000uu 4500 | |||
| 001 213832 | |||
| 003 ULIBM | |||
| 008 230830s||||||||th 000 0 tha d | |||
| 020 ^a978-616-08-3447-1 | |||
| 040 ^abcnkk | |||
| 041 ^atha | |||
| 050 4 ^aBF723.P4^bธ465ท 2562 | |||
| 100 0 ^aธัญญาภัทร์ เลิศจันทรางกูร | |||
| 245 10 ^aเทคนิคการพัฒนาบุคลิกภาพ=^bPersonality development techniques/^cธัญญาภัทร์ เลิศจันทรางกูร | |||
| 246 31 ^aPersonality development techniques | |||
| 250 ^aพิมพ์ครั้งที่ 1 | |||
| 260 ^aกรุงเทพฯ :^bซีเอ็ดยูเคชั่น,^c2562 | |||
| 300 ^a300 หน้า :^bภาพประกอบ ;^c25 ซม. | |||
| 650 4 ^aการพัฒนาบุคลิกภาพ | |||
| 650 4 ^aบุคลิกภาพ | |||
| 650 0 ^aจิตวิทยาพัฒนาการ | |||
| 999 ^aใช้งานได้ทุกระบบ | |||
| คุณยังไม่ได้ล็อกอิน คุณสามารถมีกิจกรรมร่วมกับเว็บไซต์ได้ แต่ต้องล็อกอินก่อน :: |
|
| สถานะ | |||||||||
| 1. | การพยาบาล (ตำราหลัก) | BF723.P4 ธ465ท 2562 ฉ.1 | On Shelf ขอยืม | ||||||
| Note:จัดซื้อปีงบฯ 2564 | |||||||||
| 2. | การพยาบาล (ตำราหลัก) | BF723.P4 ธ465ท 2562 ฉ.2 | On Shelf ขอยืม | ||||||
| Note:จัดซื้อปีงบฯ 2564 | |||||||||
| 3. | การพยาบาล (ตำราหลัก) | BF723.P4 ธ465ท 2562 ฉ.3 | On Shelf ขอยืม | ||||||
| Note:จัดซื้อปีงบฯ 2564 | |||||||||
| 4. | การพยาบาล (ตำราหลัก) | BF723.P4 ธ465ท 2562 ฉ.4 | On Shelf ขอยืม | ||||||
| Note:จัดซื้อปีงบฯ 2564 | |||||||||
| 5. | การพยาบาล (ตำราหลัก) | BF723.P4 ธ465ท 2562 ฉ.5 | On Shelf ขอยืม | ||||||
| Note:จัดซื้อปีงบฯ 2564 | |||||||||
| [แสดง 5/5 รายการ] | |||||||||
| รายการใกล้เคียง หัวเรื่อง [การพัฒนาบุคลิกภาพ]
|
BibComment |
| คอมเมนท์ทรัพยากรรายการนี้ |
|
|